00355nam a2200109Ia 4500008004100000245007700041245005700118260000900175300001900184300002800203300001400231160319s9999 xx 000 0 und d aStonyhurst Southville International School 2015 Commencement Exercises / cStonyhurst Southville International School Batangas. c2015 a1 videodisc :  bdigital, sound, color ; c4 3/4 in.